00577nam a2200181Ia 450000500170000000800410001702000290005804000190008704100120010608200170011824500810013526000360021630000110025250400410026365000520030470000290035685000100038520230329092541.0131103s9999 xx 000 0 und d a81 7201 251 9 cRs.75.00 aLoreto College aEnglish a891.443bSIK aBangla galpa samkalancComplied & Edited by Asrukumar Sikdar & Kabita Sinha  aCalcuttabSahitya Akademic1992 a207p.  aIncludes mbibliographical references aBengali literature - Short stories - collection aSikdar, Asrukumar ; com. aLCLIB